The Wallpaper Book /

Saved in:
Bibliographic Details
Main Author: Brunet, Geneviève (Author)
Format: Book
Language:English
Published: London : Thames & Hudson, 2012
Edition:2. vydanie
Subjects:
Tags: Add Tag
No Tags, Be the first to tag this record!

MARC

LEADER 00000nam a22000003a 4500
001 0071855
003 SK-STU
005 20200117112339.8
007 ta
008 190220s ----xo-----e------000-0-----d
020 |a 978-0-500-51607-2 
040 |a STU  |b slo 
041 0 |a eng 
044 |a xxk 
100 1 |a Brunet, Geneviève  |4 aut 
245 1 0 |a The Wallpaper Book /  |c aut. Geneviève Brunet 
250 |a 2. vydanie 
260 |a London :  |b Thames & Hudson,  |c 2012 
300 |a 240 s. 
650 0 7 |a tapety 
650 0 7 |a interiér 
650 0 7 |a vzory 
650 0 7 |a história 
996 |b 284AU07883  |c A* 11142/U  |l AAKNAR  |s A  |a 24  |w 0071855_0001